000 00826nam a2200241Ia 4500
003 OSt
005 20220923222305.0
006 a|||||r|||| 00| 0
007 ta
008 220922b |||||||| |||| 00| 0 mar d
024 _a204,305
037 _cTextual
040 _aARTS
_cARTS
_bmar
041 _2mar
_amar
082 _aO155,2N20,HK, 152L8
100 _aकानेटकर, वंसत; कुसुम छाया, अनु.
_9166615
245 0 _aहिमालय की छाया
246 _aHimālaya kī chhāyā
260 _aदिल्ली
_b लिपि प्रकाशन
_c1978
300 _a116पृ0
_ccm.
942 _hO155,2N20,HK, 152L8
_cTEXL
_2CC
999 _c355054
_d355054